000 00685nam a2200229 i 4500
001 86898
003 ES-MaACL
005 20240228185850.0
007 t|
008 041216s1968 sp ||||1| spa d
100 1 _aKirst, Hans Hellmut.
_968145
245 1 0 _a08/15 hoy /
_cpor Hans Hellmut Kirst ; [traducción de José M. Pomares].
250 _a[1ª ed.].
260 _aBarcelona :
_bPlaza & Janés,
_c[1968]
300 _a346 p. ;
_c20 cm.
490 1 _aNovelistas del día
700 0 _aPomares, José M.,
_d1943-
_992903
740 0 _aCero ocho / quince hoy.
830 0 _aNovelistas del día
_9180813
852 _aES-MaACL
_jC-34233
_bR.65074
999 _c86898
_d86898